000 00948nam a22003137a 4500
003 CHAP
005 20220329135511.0
008 971013s1975 r 00010 d
010 _a37622
011 _a38594
035 _a42714
040 _cCHAP
082 _a632
_bQ8 1975
110 _aQuebec. Ministry of Agriculture
_993148
245 _aNames of plant diseases in Canada
250 _a2 ed.
260 _aQuebec :
_bMinistry of Agriculture,
_c1975
300 _a288 p.
590 _aBATCH-UPD
_b10
_c20130110
_lUCH01
_h0314
590 _aBATCH-UPD
_b10
_c20130110
_lUCH01
_h2009
590 _aBATCH-UPD
_b10
_c20130409
_lUCH01
_h2346
590 _aBATCH-UPD
_b10
_c20130914
_lUCH01
_h1414
590 _aCONVERSION
_b10
_c20130109
_lUCH01
_h1321
650 1 4 _aFitopatología.
_941161
650 1 4 _aFitopatología
_xTerminología.
_941177
901 _aBK
942 _cLIBRO
949 _a632 Q8 1975
_bBC
_cC
_d33724000919866
_eC
_h41546
_i42714
_si
999 _c37622
_d37622